| 000 | 00725 a2200193 4500 | ||
|---|---|---|---|
| 008 | 080821t xxu||||| |||| 00| 0 eng d | ||
| 010 | _aENG-85065 | ||
| 020 |
_a818430028X _c300.00 |
||
| 035 | _aEN-68598 | ||
| 037 | _bD.B.Act / Pub | ||
| 082 | _a500.954 | ||
| 100 | _aSoni, Suresh | ||
| 245 |
_aIndia's glorious scientific tradition _cby Suresah Soni |
||
| 260 |
_aNew Delhi _bOcean Books _c2006 |
||
| 270 |
_a4/19, Asaf Ali Road, _bNew Delhi _cDelhi _e110002 |
||
| 300 |
_a247 p. _c22 cm. (Hb) |
||
| 942 |
_adpl _cEN _k500.954 / SON _2ddc _h500.954 _mSON |
||
| 999 |
_c979 _d979 |
||